Coastal Zone Management : global perspectives, regional processes, local issues / (Record no. 47912)

MARC details
000 -LEADER
fixed length control field 00697nam a22002417a 4500
003 - CONTROL NUMBER IDENTIFIER
control field OSt
008 - FIXED-LENGTH DATA ELEMENTS--GENERAL INFORMATION
fixed length control field 250429b |||||||| |||| 00| 0 eng d
020 ## - INTERNATIONAL STANDARD BOOK NUMBER
International Standard Book Number 9780128143506
082 ## - DEWEY DECIMAL CLASSIFICATION NUMBER
Classification number 551.457
Item number R17C
245 ## - TITLE STATEMENT
Title Coastal Zone Management : global perspectives, regional processes, local issues /
Statement of responsibility, etc. edited by Mu. Ramkumar...[et. al.]
260 ## - PUBLICATION, DISTRIBUTION, ETC. (IMPRINT)
Place of publication, distribution, etc .- Netherlands
Name of publisher, distributor, etc : Elsevier
Date of publication, distribution, etc , 2019
300 ## - PHYSICAL DESCRIPTION
Extent xxiv,548p.
650 ## - SUBJECT ADDED ENTRY--TOPICAL TERM
Topical term or geographic name as entry element Pure Sciences
650 ## - SUBJECT ADDED ENTRY--TOPICAL TERM
Topical term or geographic name as entry element Earth Sciences
650 ## - SUBJECT ADDED ENTRY--TOPICAL TERM
Topical term or geographic name as entry element Coastal Regions
650 ## - SUBJECT ADDED ENTRY--TOPICAL TERM
Topical term or geographic name as entry element Coastal Zone
650 ## - SUBJECT ADDED ENTRY--TOPICAL TERM
Topical term or geographic name as entry element Management
700 ## - ADDED ENTRY--PERSONAL NAME
Personal name Ramkumar, Mu.
700 ## - ADDED ENTRY--PERSONAL NAME
Personal name James, R. Arthur.
700 ## - ADDED ENTRY--PERSONAL NAME
Personal name Menier, David.
700 ## - ADDED ENTRY--PERSONAL NAME
Personal name Kumaraswamy, K.
942 ## - ADDED ENTRY ELEMENTS (KOHA)
Source of classification or shelving scheme
Koha item type Books
Holdings
Withdrawn status Lost status Source of classification or shelving scheme Damaged status Not for loan Home library Current library Date acquired Source of acquisition Cost, normal purchase price Total Checkouts Full call number Barcode Date last seen Bill Date Koha item type Bill Number
          Dr. Rajendra Prasad Central Agricultural University Pusa, College of Fishries - Dholi 29/04/2025 DBA, Delhi 12837.00   551.457 R17C 83978 29/04/2025 28/03/2025 Books DBS/016/2024-2025
          Dr. Rajendra Prasad Central Agricultural University Pusa, College of Fishries - Dholi 29/04/2025 DBA, Delhi 12837.00   551.457 R17C 83979 29/04/2025 28/03/2025 Books DBS/016/2024-2025
Hosted, Implemented, Customized & Maintained by: BestBookBuddies

Powered by Koha